মুসলিম-মানস ও বাংলা সাহিত্য : (Record no. 38148)
[ view plain ]
| 000 -LEADER | |
|---|---|
| fixed length control field | 00985nam a22002297a 4500 |
| 001 - CONTROL NUMBER | |
| control field | 38148 |
| 003 - CONTROL NUMBER IDENTIFIER | |
| rucl marc code | BD-RjUL |
| 005 - DATE AND TIME OF LATEST TRANSACTION | |
| control field | 20211209052733.0 |
| 008 - FIXED-LENGTH DATA ELEMENTS--GENERAL INFORMATION | |
| fixed length control field | 150916s1964 bg ||||| |||| 00| 0 ben d |
| 035 ## - SYSTEM CONTROL NUMBER | |
| System control number | (BD-RjUL)38253 |
| 040 ## - CATALOGING SOURCE | |
| Original cataloging agency | BD-RjUL |
| Language of cataloging | ben |
| Transcribing agency | BD-RjUL |
| 041 ## - LANGUAGE CODE | |
| Language code of text/sound track or separate title | ben |
| 082 ## - DEWEY DECIMAL CLASSIFICATION NUMBER | |
| Edition number | 23 |
| Classification number | 891.4409 |
| Author mark and year | ANM 1964 |
| 100 ## - MAIN ENTRY--PERSONAL NAME | |
| Personal name | আনিসুজ্জামান |
| 9 (RLIN) | 118049 |
| 245 ## - TITLE STATEMENT | |
| Title | মুসলিম-মানস ও বাংলা সাহিত্য : |
| Remainder of title | ১৭৫৭-১৯১৮ / |
| Statement of responsibility, etc. | আনিসুজ্জামান |
| 260 ## - PUBLICATION, DISTRIBUTION, ETC. (IMPRINT) | |
| Place of publication, distribution, etc. | ঢাকা : |
| Name of publisher, distributor, etc. | লেখক সংঘ প্রকাশনী, |
| Date of publication, distribution, etc. | ১৯৬৪. |
| 300 ## - PHYSICAL DESCRIPTION | |
| Pagination | ৫২৬ পৃ. ; |
| Size | ২২ সেমি. |
| 504 ## - BIBLIOGRAPHY, ETC. NOTE | |
| Bibliography, etc | গ্রন্থপঞ্জি ও নির্ঘন্ট সংযুক্ত। |
| 650 ## - SUBJECT ADDED ENTRY--TOPICAL TERM | |
| Topical term or geographic name as entry element | বাংলা সাহিত্য |
| General subdivision | ইতিহাস ও সমালোচনা |
| 9 (RLIN) | 118050 |
| Topical term or geographic name as entry element | Bengali Literature |
| General subdivision | History and Criticism |
| 9 (RLIN) | 117020 |
| 942 ## - ADDED ENTRY ELEMENTS (KOHA) | |
| Source of classification or shelving scheme | Dewey Decimal Classification |
| Koha item type | Books |
| Lost status | Source of classification or shelving scheme | Damaged status | Not for loan | Collection code | Permanent Location | Current Location | Shelving location | Date acquired | Source of acquisition | Cost, normal purchase price | Total Checkouts | Total Renewals | Full call number | Date last seen | Date checked out | Copy number | Koha item type |
|---|---|---|---|---|---|---|---|---|---|---|---|---|---|---|---|---|---|
| Dewey Decimal Classification | Non-fiction | Central Library, University of Rajshahi | Central Library, University of Rajshahi | 12/01/1965 | Ideal | 8.00 | 1 | 1 | B 891.4409 ANM 1964 | 30/01/2016 | 16/09/2015 | C-2 | Books | ||||
| Dewey Decimal Classification | Non-fiction | Central Library, University of Rajshahi | Central Library, University of Rajshahi | 12/01/1965 | Ideal | 8.00 | 1 | B 891.4409 ANM 1964 | 07/11/2015 | 02/11/2015 | C-3 | Books | |||||
| Dewey Decimal Classification | Non-fiction | Central Library, University of Rajshahi | Central Library, University of Rajshahi | 13/02/1967 | Dhaka, Nawroge Kitabstan | 8.00 | B 891.4409 ANM 1964 | 23/04/2016 | C-1 | Books | |||||||
| Dewey Decimal Classification | Non-fiction | Central Library, University of Rajshahi | Central Library, University of Rajshahi | 12/01/1965 | Ideal Lib. | 8.00 | B 891.4409 ANM 1964 | 18/07/2016 | C-4 | Books | |||||||
| Dewey Decimal Classification | Non-fiction | Central Library, University of Rajshahi | Central Library, University of Rajshahi | 12/01/1965 | Ideal lib. | 8.00 | 1 | B 891.4409 ANM 1964 | 16/02/2025 | 30/01/2025 | C-5 | Books | |||||
| Dewey Decimal Classification | Non-fiction | Central Library, University of Rajshahi | Central Library, University of Rajshahi | 11/03/1965 | Marholumi Ahsanullah lib. | 8.00 | B 891.4409 ANM 1964 | 16/08/2016 | C-6 | Books | |||||||
| Dewey Decimal Classification | Non-fiction | Central Library, University of Rajshahi | Central Library, University of Rajshahi | 12/01/1965 | Ideal | 8.00 | B 891.4409 ANM 1964 | 17/08/2016 | C-7 | Books | |||||||
| Dewey Decimal Classification | Non-fiction | Central Library, University of Rajshahi | Central Library, University of Rajshahi | 12/01/1965 | Ideal Library | 8.00 | B 891.4409 ANM 1964 | 20/08/2016 | C-8 | Books | |||||||
| Dewey Decimal Classification | Non-fiction | Central Library, University of Rajshahi | Central Library, University of Rajshahi | 12/01/1965 | Ideal Library | 8.00 | B 891.4409 ANM 1964 | 20/08/2016 | C-9 | Books | |||||||
| Dewey Decimal Classification | Non-fiction | Central Library, University of Rajshahi | Central Library, University of Rajshahi | 12/01/1965 | Ideal Library, Dhaka | 8.00 | B 891.4409 ANM 1964 | 07/11/2016 | C-10 | Books |